| 000 | 00376nam a2200157Ia 4500 | ||
|---|---|---|---|
| 008 | 230524s9999 xx 000 0 und d | ||
| 082 | _bMIS | ||
| 100 |
_aRama Kanta Mishra _942006 |
||
| 245 | 0 | _aHealth Security | |
| 250 | _a1 | ||
| 260 |
_aBBSR _bMagnum Printers |
||
| 300 | _a"XVI,412p;" | ||
| 500 | _aQuantity Number: 1 | ||
| 650 |
_aMiscellaneous _91877 |
||
| 942 | _cBK | ||
| 999 |
_c56419 _d56419 |
||